| 000 | 00358nam a2200133Ia 4500 | ||
|---|---|---|---|
| 008 | 240624s9999 xx 000 0 und d | ||
| 041 | _aeng | ||
| 082 | _a152.4 DES | ||
| 100 | _aDESTENO DAVID | ||
| 245 | _aEMOTIONAL SUCCESS THE POWER OF GRATITUDE | ||
| 260 |
_c2018 _aNew York _bHoughton Mifflin Harcourt |
||
| 300 | _aviii, 227 p.; 23 cm. | ||
| 365 |
_c _b33 |
||
| 999 |
_c32196 _d32196 |
||